Catalog

Record Details

Catalog Search



Letters of comfort  Cover Image Large Print Book Large Print Book

Letters of comfort / Wanda E. Brunstetter

Summary:

Doretta Schwartz has always enjoyed writing letters and feels her letters can be a bit of a ministry to her friends. In this series, exchanging letters that contain open and honest feelings and struggles helps Doretta and two of her best friends through the darkest challenges of their lives. A Ministry of Letter Writing Restores Hope to the Writer Doretta Schwartz used to be so happy and passed her positive attitude along to friends in several letters she wrote each month. But that all changed the day she learned of her fiancé’s death and a heavy weight of depression fell upon her. Feeling empty, she puts away her letter writing and won’t even respond to calls from friends. William’s twin brother, Warren, is also grieving his loss, while at the same time, trying to be supportive to his parents and Doretta. Doretta responds to Warren’s friendship, but is he just becoming a replacement for the once-in-a-lifetime love she lost?

Record details

  • ISBN: 9798885792530
  • Physical Description: 503 pages (large print) ; 22 cm.
  • Edition: Large print edition.
  • Publisher: Waterville, ME : Thorndike Press , [2023]

Content descriptions

General Note:
Includes discussion questions (pages 495-499).
"Published in 2023 by arrangement with Barbour Publishing. Inc." -- Title page verso.
Subject: Amish > Pennsylvania > Fiction.
Newlyweds > Fiction.
Marriage > Fiction.
Grief > Fiction.
Man-woman relationships > Fiction.
Alcoholism > Fiction.
Friendship > Fiction.
Letters > Fiction.
Female friendship > Fiction.
Pennsylvania.
Genre: Christian fiction.
Domestic fiction.
Epistolary fiction.
Novels.
Large print books.

Available copies

  • 1 of 1 copy available at scottsboropl.

Holds

  • 0 current holds with 1 total copy.
Show Only Available Copies
Location Call Number / Copy Notes Barcode Shelving Location Status Due Date
scottsboropl F Bru 32269001256398 Adult - Fiction Available -

LDR 04016cam a2200925 i 4500
001163859
003SBPL
00520240731150949.0
008230809t20232023meu ed 000 1 eng d
007tb
020 . ‡a9798885792530 ‡q(large print ; ‡qhardcover)
035 . ‡a(OCoLC)1396126142 ‡z(OCoLC)1401978791
050 4. ‡aPS3602.R864 ‡bL475 2023b
08214. ‡a[Fic] ‡223/eng/20230912
1001 . ‡aBrunstetter, Wanda E.,: ‡eauthor.
24510. ‡aLetters of comfort / ‡cWanda E. Brunstetter
250 . ‡aLarge print edition.
264 1. ‡aWaterville, ME : ‡bThorndike Press , ‡c[2023]
300 . ‡a503 pages (large print) ; ‡c22 cm.
336 . ‡atext ‡btxt ‡2rdacontent
337 . ‡aunmediated ‡bn ‡2rdamedia
338 . ‡avolume ‡bnc ‡2rdacarrier
340 . ‡nlarge print ‡2rdafs
4901 . ‡aThe friendship letters ; ‡vbk 2
500 . ‡aIncludes discussion questions (pages 495-499).
500 . ‡a"Published in 2023 by arrangement with Barbour Publishing. Inc." -- Title page verso.
520 . ‡aDoretta Schwartz has always enjoyed writing letters and feels her letters can be a bit of a ministry to her friends. In this series, exchanging letters that contain open and honest feelings and struggles helps Doretta and two of her best friends through the darkest challenges of their lives. A Ministry of Letter Writing Restores Hope to the Writer Doretta Schwartz used to be so happy and passed her positive attitude along to friends in several letters she wrote each month. But that all changed the day she learned of her fiancé’s death and a heavy weight of depression fell upon her. Feeling empty, she puts away her letter writing and won’t even respond to calls from friends. William’s twin brother, Warren, is also grieving his loss, while at the same time, trying to be supportive to his parents and Doretta. Doretta responds to Warren’s friendship, but is he just becoming a replacement for the once-in-a-lifetime love she lost?
650 0. ‡aAmish ‡zPennsylvania ‡vFiction.
650 0. ‡aNewlyweds ‡vFiction.
650 0. ‡aMarriage ‡vFiction.
650 0. ‡aGrief ‡vFiction.
650 0. ‡aMan-woman relationships ‡vFiction.
650 0. ‡aAlcoholism ‡vFiction.
650 0. ‡aFriendship ‡vFiction.
650 0. ‡aLetters ‡vFiction.
650 0. ‡aFemale friendship ‡vFiction.
651 7. ‡aPennsylvania.
655 7. ‡aChristian fiction. ‡2lcgft
655 7. ‡aDomestic fiction. ‡2lcgft
655 7. ‡aEpistolary fiction. ‡2lcgft
655 7. ‡aNovels. ‡2lcgft
655 7. ‡aLarge print books. ‡2lcgft
8001 . ‡aBrunstetter, Wanda E. ‡tFriendship letters ; ‡vbk. 2.
901 . ‡a163859 ‡bAUTOGEN ‡c163859 ‡tbiblio

Additional Resources